000 00751nam a2200181 i 4500
001 190135
003 ES-MaACL
005 20230906223641.0
008 200731s1846 sp |||| | spa d
080 _a62/69.002.6(460)(060.64)
245 0 0 _aMemoria de la junta calificadora de los productos de la industria española presentados en la exposicion pública de 1845.
260 _a[Madrid :
_bs.n.],
_c1846 (
_fImp. de Francisco Díaz)
300 _aXII, 95 p. ;
_c21 cm.
594 _aTítulo de antep.: Memoria de la Esposición Pública de 1845
650 4 _aProductos industriales-
_zEspaña.
_9169077
711 2 _aExposición Pública de los Productos de la Industria Española (
_n5ª.
_d1845.
_cMadrid)
_9170231
852 4 _aES-MaACL
_jT-21-F-1
999 _c190135
_d190135